MPK Kraków wszystkie przystanki autobusowe - Statystyki

Ogólne statystyki
  • Ten quiz został rozwiązany 65 razy
    2 od ostatniego zresetowania
  • Średni wynik to 214 z 1562
Statystyki odpowiedzi
Nazwa przystanku % Poprawnych
AKF / PK
100%
Aleja Róż
100%
Arka
100%
Azory
100%
Bieńczycka
100%
Bora-Komorowskiego
100%
Borek Fałęcki
100%
Bronowice
100%
Bronowice SKA
100%
Cichy Kącik
100%
Cienista
100%
Cogiteon
100%
Cystersów
100%
Czyżyny
100%
Czyżyny Dworzec
100%
Darwina
100%
DH Wanda
100%
Dunikowskiego
100%
Dworzec Główny Wschód
100%
Dworzec Główny Zachód
100%
Górka Narodowa P+R
100%
Jarzębiny
100%
Klasztorna
100%
Korona
100%
Michałowice Centrum
100%
Miśnieńska
100%
Mistrzejowice
100%
Muzeum Narodowe
100%
Nullo
100%
Ogród Doświadczeń
100%
Os. Górali
100%
Os. Jagiellońskie
100%
Os. Kalinowe
100%
Os. Na Lotnisku
100%
Os. Oświecenia
100%
Os. Piastów
100%
Os. Wandy
100%
Os. Willowe
100%
Os. Zielone
100%
Os. Złotego Wieku
100%
Park Wodny
100%
Piasta Kołodzieja
100%
Plac Centralny im. R.Reagana
100%
Plac Inwalidów
100%
Plac Wszystkich Świętych
100%
Rondo Czyżyńskie
100%
Rondo Grzegórzeckie
100%
Rondo Hipokratesa
100%
Rondo Kocmyrzowskie im. Ks. Gorzelanego
100%
Rondo Matecznego
100%
Rondo Mogilskie
100%
Rondo Piastowskie
100%
TAURON Arena Kraków
100%
Teatr Bagatela
100%
Teatr Ludowy
100%
Teatr Słowackiego
100%
Teatr Variete
100%
Tyniec
100%
Wadów
100%
Wesele
100%
Wiślicka
100%
Wzgórza Krzesławickie
100%
Zajezdnia Bieńczyce
100%
Zalew Nowohucki
100%
Agatowa
50%
Agencja Kraków Wschód
50%
AGH / UR
50%
Akacjowa
50%
Aleja Przyjaźni
50%
Aleksandrowice Centrum
50%
Aleksandrowice Osiedle
50%
Baba Jaga
50%
Balice Autostrada
50%
Balice Szkoła
50%
Banacha
50%
Bardosa
50%
Batalionu "Skała" AK
50%
Batowice Dłubnia
50%
Batowice Kapliczka
50%
Batowice Spławy
50%
Białoprądnicka
50%
Biały Kościół Dolina Kluczwody
50%
Biały Kościół Murownia
50%
Biały Kościół Murownia Pętla
50%
Bibice Cmentarz
50%
Bibice Kościuszki
50%
Bibice Mokra
50%
Bibice Na Czekaj
50%
Bibice Rynek
50%
Bielany
50%
Bielany Obwodnica
50%
Bieżanowska
50%
Borsucza
50%
Brama nr 8
50%
Bratysławska
50%
Bronowice Małe
50%
Bronowice Wielkie
50%
Brzeźnica Dworzec
50%
Bulwarowa Ogródki Działkowe
50%
Chełm
50%
Chełmońskiego Pętla
50%
Chobot Leśniczówka
50%
Cło
50%
Cmentarz Olszanica
50%
Cmentarz Prądnik Czerwony
50%
Cmentarz Prądnik Czerwony Wschód
50%
Cmentarz Wróblowice
50%
Cracovia Błonia
50%
Cracovia Stadion
50%
Czerwone Maki P+R
50%
Czulice Kościół
50%
Dąbie
50%
Dąbrowskiej
50%
Dobrego Pasterza
50%
Domagały
50%
Domagały Magazyny
50%
Dożynkowa
50%
Dworzec Główny Tunel
50%
Dworzec Towarowy
50%
Dziekanowicka
50%
Fredry
50%
Gaj Szkoła
50%
Gałczyńskiego
50%
Glogera
50%
Glogera Granica Miasta
50%
Głowackiego
50%
Golkowice Pętla
50%
Górna Wieś Pętla
50%
Górnickiego
50%
Goszcza Dworek
50%
Gotkowice Wieś
50%
Hala Targowa
50%
Igołomska Zakłady
50%
Imbramowska
50%
Instytut Reumatologii
50%
Iwanowice Dworskie Pętla
50%
Jerzmanowskiego
50%
Jubilat
50%
Jubileuszowa
50%
Kampus UJ
50%
Kapelanka
50%
Klasztor Cystersów
50%
Kleeberga
50%
Klimeckiego
50%
Kliny Poranne
50%
Kocmyrzów-Luborzyca Urząd Gminy
50%
Koksochemia
50%
Kombinat
50%
Komorowskiego
50%
Kończyce
50%
Kończyce Rycerza Racibora
50%
Kopiec Kościuszki
50%
Kopiec Wandy
50%
Kościelniki
50%
Kraków Airport
50%
Krasieniec Stary Skrzyżowanie
50%
Krasieniec Zakupny Kapliczka
50%
Krasieniec Zakupny Kotryska
50%
Krasieniec Zakupny Pod Lipą
50%
Krasieniec Zakupny Remiza
50%
Krowodrza Górka P+R
50%
Kruszwicka
50%
Kryspinów Rondo
50%
Krzysztoforzyce Pętla
50%
Książniczki Las
50%
Książniczki Paszczykówka
50%
Ks. Meiera
50%
Kuklińskiego
50%
Kupały
50%
Kurdwanów P+R
50%
Kuźnicy Kołłątajowskiej
50%
Łagiewniki
50%
Łagiewniki SKA
50%
Łagiewniki ZUS
50%
Lajkonika
50%
Lasek Mogilski
50%
Lesisko
50%
Libertów Szkoła
50%
Limanowskiego
50%
Lipińskiego
50%
Łobzów SKA
50%
Łososkowice Remiza
50%
Lubicz
50%
Luborzyca
50%
Ludwinów
50%
Mały Płaszów P+R
50%
Masłomiąca Koźlica
50%
Masłomiąca Staw
50%
Meksyk
50%
Miasteczko Studenckie AGH
50%
Michałowice Banasiówka
50%
Michałowice Brzozowa
50%
Michałowice Dąbrowskich
50%
Michałowice Górna
50%
Michałowice Gościniec
50%
Michałowice Jana Pawła II
50%
Michałowice Komora
50%
Michałowice Kwiaty Polne
50%
Michałowice Laskowiec
50%
Michałowice Las Michałowski
50%
Michałowice Lecznica
50%
Michałowice Michałówka
50%
Michałowice Na Stoku
50%
Michałowice Ogrodowa
50%
Michałowice Ośrodek Zdrowia
50%
Michałowice P+R
50%
Michałowice Ujęcie Wody
50%
Michałowice Warszawka
50%
Miechowity
50%
Miejskie Centrum Opieki
50%
Modlnica Komora
50%
Modlniczka Centrum Logistyczne
50%
Mogilany Pętla
50%
Muzeum Lotnictwa Polskiego
50%
Mydlniki Wapiennik P+R
50%
Narama Graniczna Sklep
50%
Narama Księża
50%
Narama Remiza
50%
Niedźwiedź Felix
50%
Niedźwiedź PKP
50%
Niepołomice Dworzec
50%
Norymberska
50%
Nowy Kleparz
50%
Ofiar Dąbia
50%
Ojców Zamek
50%
Oleandry
50%
Olsza II
50%
Olszanica Kapliczka
50%
Opolska Estakada
50%
Opolska Kładka
50%
Os. Akademickie PK
50%
Os. Dywizjonu 303
50%
Os. Kolorowe
50%
Os. Kościuszkowskie
50%
Os. Mistrzejowice Nowe
50%
Os. Na Skarpie
50%
Os. Pod Fortem
50%
Os. Podwawelskie
50%
Os. Strusia
50%
Ostafina
50%
Os. Zgody
50%
Owczary Pętla
50%
Pachońskiego P+R
50%
Panieńskich Skał
50%
Papierni Prądnickich
50%
Park Jordana
50%
Pędzichów
50%
Petőfiego
50%
Piaski Wielkie
50%
Piaskowa
50%
Piastowska
50%
Piastów SKA
50%
Piaszczysta
50%
Pielgrzymowice Pętla
50%
Pilotów
50%
Plac Na Stawach
50%
Pleszów
50%
Poczta Główna
50%
Politechnika
50%
Popielidów
50%
Powstańców
50%
Powstańców Garaże
50%
Powstańców Magazyny
50%
Prądnik Biały
50%
Prądnik Biały Zachód
50%
Prądnik Czerwony P+R
50%
Prokocim
50%
Prokocim Szpital
50%
Przeginia Kościół
50%
Przylasek Rusiecki
50%
Pszona
50%
Raciborowice Centrum
50%
Radio Kraków
50%
Radzikowskiego
50%
Radzikowskiego Osiedle
50%
Rawałowice Kapliczka
50%
Rondo 308. Dywizjonu
50%
Rondo Barei
50%
Rondo Mogilskie Opera
50%
Rondo Ofiar Katynia
50%
Rostworowskiego
50%
Ruczaj
50%
Rżąka
50%
Rzepakowa
50%
Rzeszotary Panciawa
50%
Rzeszotary Tempo
50%
Rzeszotary Trafo
50%
Salwator
50%
Sanktuarium Bożego Miłosierdzia
50%
Sieborowice
50%
Siewna
50%
Siewna Wiadukt
50%
Skała Rynek
50%
Skalna
50%
Skawina
50%
Słomiana
50%
Słomniki Kościuszki
50%
Słomniki Osiedle
50%
Słomniki Rynek
50%
Słomniki Zagłoby
50%
Sołtysowska
50%
Solvay
50%
Starowiślna
50%
Stary Kleparz
50%
Stefana Batorego
50%
Stella-Sawickiego
50%
Struga
50%
Strzelców
50%
Suche Stawy
50%
Świątniki Górne Urząd Miasta i Gminy
50%
Swoszowice Autostrada
50%
Swoszowice SKA
50%
Szpital Okulistyczny
50%
Szpital Żeromskiego
50%
Szwedzka
50%
TAURON Arena Kraków al. Pokoju
50%
TAURON Arena Kraków Wieczysta
50%
Tondosa
50%
Tyniec Kamieniołom
50%
Ugorek
50%
UKEN
50%
Ukraina
50%
UR al. 29 Listopada
50%
Urząd Skarbowy Nowa Huta
50%
Urzędnicza
50%
Wadów Działki
50%
Wadów Osiedle
50%
Wadów Szkoła
50%
Wańkowicza
50%
Wawel
50%
Wawelska
50%
Węgrzce A1
50%
Węgrzce Centrum
50%
Węgrzce Magiczne Wzgórze
50%
Węgrzce Starostwo Powiatowe
50%
Węgrzce Warszawska
50%
Węgrzce Wielkie Pętla
50%
Węgrzynowice
50%
Wieliczka Kampus
50%
Wieliczka Kopalnia Soli
50%
Wilków Pętla
50%
Witkowice
50%
Witkowicka
50%
Wola Zachariaszowska Szkoła
50%
Wróblowice
50%
Wróżenice
50%
Wróżenicka
50%
Wysiołek Luborzycki
50%
Zabierzów Centrum
50%
Zabierzów Ośrodek Zdrowia
50%
Zabłocie
50%
Zagórzyce Dworskie Remiza
50%
Zajezdnia Płaszów
50%
Zajezdnia Wola Duchacka
50%
Zarzecze
50%
Zastów Pętla
50%
Zbydniowice
50%
Zbydniowicka
50%
Zelków Pętla
50%
Żeromskiego
50%
Zielonki Marszowiec Pętla
50%
Zielonki Transformator
50%
ZOO
50%
Żyzna
50%
Albatrosów
0%
Aleja 29 Listopada Wiadukt
0%
Aleja Waszyngtona
0%
Aleksandrowicza
0%
Aleksandry
0%
Architektów
0%
Architektów Szkoła
0%
Archiwum UMK
0%
Arctowskiego
0%
Armii Krajowej
0%
Babińskiego
0%
Baczyńskiego
0%
Bagienna
0%
Bagry
0%
Balice Grzybów
0%
Balice Instytut Zootechniki
0%
Balice Krakowska
0%
Balice Leśna
0%
Balice Medweckiego
0%
Balice Na Lotnisko
0%
Balice Olszanica Bory
0%
Balice Remiza
0%
Balice Winna Góra
0%
Bałuckiego
0%
Bartnicza
0%
Barwinkowa
0%
Barwna
0%
Barycz
0%
Bazarowa
0%
Bębło Łabajowa
0%
Bębło Lasek
0%
Bębło Stara Wieś
0%
Będkowice Borynia
0%
Będkowice Cmentarz
0%
Będkowice Długa
0%
Będkowice Kawiory
0%
Będkowice Mosurowa
0%
Będkowice Pętla
0%
Będkowice Rynek
0%
Benedyktowicza
0%
Beskidzka
0%
Betonowa
0%
Białe Wzgórze
0%
Białucha
0%
Bielańska
0%
Bielańskie Skały
0%
Bielany Klasztor
0%
Bielany Szkoła
0%
Bieżanów Drożdżownia SKA
0%
Bieżanów Granica Miasta
0%
Bieżanów Kaim
0%
Bieżanów Pomnik
0%
Bieżanów Potrzask
0%
Bieżanów Szkoła
0%
Bieżanów Trafo
0%
Biprostal
0%
Biskupa Prandoty
0%
Biskupice Rymarówka
0%
Biskupice Szczygłów
0%
Biskupińska
0%
Bitschana
0%
Blokowa
0%
Błonia Kościelnickie
0%
Bobrzeckiej
0%
Bochenka
0%
Bociana
0%
Bodzów
0%
Bodzowska
0%
Bogucianka
0%
Bojki
0%
Bolechowice Centrum
0%
Bolechowice Drogi
0%
Bolechowice Krzewiny
0%
Bolechowice Zielona
0%
Bolechowice Zielona Mała
0%
Boleń Pętla
0%
Bolesława Śmiałego
0%
Bonarka
0%
Bonarka SKA
0%
Borek Szlachecki Dworska
0%
Borek Szlachecki Kościół
0%
Borkowska
0%
Bosaków
0%
Bosutów Kościuszki
0%
Bosutów Krakowska
0%
Botewa
0%
Brama nr 4
0%
Brama nr 5
0%
Branice
0%
Branice Ośrodek Zdrowia
0%
Branice Szkoła
0%
Brodowicza
0%
Brogi
0%
Brożka
0%
Brücknera
0%
Brzegi Dom Kultury
0%
Brzegi Granica
0%
Brzegi Grobla
0%
Brzegi Pętla
0%
Brzegi Użytek Ekologiczny
0%
Brzezie Działki
0%
Brzezie Kluczwody
0%
Brzezie Kościół
0%
Brzezie Kulka
0%
Brzezie Narodowe
0%
Brzezinka Kościół
0%
Brzezinka Kuźnia
0%
Brzezinka Skrzyżowanie
0%
Brzezinka Zarzecze
0%
Brzeźnica Pasieka
0%
Brzoskwinia Góra
0%
Brzoskwinia Kamyk
0%
Brzoskwinia Koziary
0%
Brzoskwinia Pętla
0%
Brzoskwinia Remiza
0%
Brzozówka Oskarówka
0%
Brzozówka Ośrodek
0%
Brzyczyna
0%
Budzyń Plaża Główna
0%
Budzyń Zalew na Piaskach
0%
Bujaka
0%
Buków Klin
0%
Buków Pętla
0%
Buków Szkoła
0%
Bunscha
0%
Burów Balica
0%
Burów Centrum
0%
Bystronia
0%
Cechowa
0%
Cedyńska
0%
Centralna
0%
Centrum JP II
0%
Chabrowa
0%
Chałubińskiego
0%
Chałupki
0%
Chałupki Górne
0%
Chełmońskiego Osiedle
0%
Chełmska
0%
Chobot Kapliczka
0%
Cholerzyn Chałupki
0%
Cholerzyn Granica
0%
Cholerzyn Sklep
0%
Cholerzyn Skrzyżowanie
0%
Cholerzyn Skwer
0%
Cholerzyn Zagórze
0%
Chopina
0%
Chorowice Pętla
0%
Chorzowska
0%
Chrosna Kapliczka
0%
Chrosna Pętla
0%
Chrosna Sklep
0%
Chrosna Studnia
0%
Cianowice Do Cegielni
0%
Cianowice Małe
0%
Cianowice Marianów
0%
Cianowice Poręba
0%
Cianowice Szczodrkowicka
0%
Ciesielskiego
0%
Clepardia
0%
Cmentarz Bielany
0%
Cmentarz Bieżanów
0%
Cmentarz Borek Fałęcki
0%
Cmentarz Bronowice
0%
Cmentarz Grębałów
0%
Cmentarz Grębałów Południe
0%
Cmentarz Mydlniki
0%
Cmentarz Pleszów
0%
Cmentarz Podgórski
0%
Cmentarz Prokocim
0%
Cmentarz Rakowicki
0%
Cmentarz Rakowicki Zachód
0%
Cmentarz Ruszcza
0%
Conrada
0%
Ćwiklińskiej
0%
Czajowice Władysława Łokietka
0%
Czarnochowice Kokotowska
0%
Czarnowiejska
0%
Czeczeńska
0%
Czernichów Bór
0%
Czernichów Ratanice
0%
Czernichów Ratanice Most
0%
Czernichów Rynek
0%
Czernichów Stacja Paliw
0%
Czernichów Studzienki
0%
Czernichów Zakamycze
0%
Czerwiakowskiego
0%
Czerwieńskiego
0%
Czulice Przymiarki
0%
Czułówek Kapliczka
0%
Czułówek Skrzyżowanie
0%
Czułów Granica
0%
Czułów Sklep
0%
Czułów Szkoła
0%
Dąbrowa
0%
Dąbrowa Szlachecka Figurka
0%
Dąbrowa Szlachecka Krzemiennik
0%
Dąbrowa Szlachecka Krzyż
0%
Danalówka
0%
Dauna
0%
Deszczowa
0%
Dojazdów Działki
0%
Dojazdów Na Górce
0%
Dojazdów PKS
0%
Dojazdów Plac św. Stanisława
0%
Dojazdów Przedszkole
0%
Drożdżowa
0%
Drożyska
0%
Drużbackiej
0%
Duża Góra
0%
Dworcowa
0%
Dwór Czeczów
0%
Dworzec Płaszów Estakada
0%
Dymarek
0%
Dziekanowice Batowice SKA
0%
Dziekanowice Kapliczka
0%
Elektrociepłownia
0%
Elektromontaż
0%
Fabryczna
0%
Facimiech Pod Kolebą
0%
Fatimska
0%
Filharmonia
0%
Fiszera
0%
Folwarczna
0%
Fort Bodzów
0%
Forteczna
0%
Fort Mogiła
0%
Fort Skotniki
0%
Fort Swoszowice
0%
Fort Winnica
0%
Friedleina
0%
Gaik
0%
Gaj Kwiatowa
0%
Gaj Rudawa
0%
Gaj Wiadukt
0%
Gaj Zadziele
0%
Gaj Zgody
0%
Galicyjska
0%
Garlica Duchowna Kapliczka
0%
Garlica Duchowna Rozjazd
0%
Garlica Murowana Kasztany
0%
Garlica Murowana Plac Zabaw
0%
Garliczka Chochół
0%
Geologów
0%
Gerlaha
0%
Giebułtów Kościół
0%
Giebułtów Morgi
0%
Giebułtów Osiedle Polana
0%
Giebułtów Plac Zabaw
0%
Giebułtów Świętego Idziego
0%
Giebułtów Zbiornik
0%
Giebułtów Zielone Wzgórze
0%
Giedroycia
0%
Giedroycia ZTPO
0%
Giełda Balicka
0%
Głęboka Kolonia
0%
Głęboka Staw
0%
Głęboka Zakręt
0%
Glinnik
0%
Gnieźnieńska
0%
Godlewskiego
0%
Golkowice Granica
0%
Golkowice Kościół
0%
Golkowice Sklep
0%
Gołuchowice Sklep
0%
Gołuchowice Skrzyżowanie
0%
Góra Borkowska
0%
Górka Pychowicka
0%
Gospodarska
0%
Goszcza Cmentarz
0%
Goszcza Kościół
0%
Goszyce Pod Lasem
0%
Goszyce Remiza
0%
Grabie Dom Kultury
0%
Grabie Kościół
0%
Grabie Kuźnia
0%
Grabie Pętla
0%
Grabie Szczurów
0%
Grabowa
0%
Grabówki Pętla
0%
Grębałów
0%
Grębynice Mogiełki
0%
Grębynice Parkowa
0%
Grębynice Remiza
0%
Grodzki Urząd Pracy
0%
Gromadzka
0%
Grota-Roweckiego
0%
Grzegorza z Sanoka
0%
Gwarecka
0%
Habina
0%
Hala Sportowa Piaski Wielkie
0%
Hallera
0%
Halszki
0%
Hektary
0%
Husarska
0%
Isep
0%
Iwanowice Dworskie Kotryska
0%
Jabłonna
0%
Jana Kazimierza
0%
Janasówka
0%
Janówka
0%
Januszowice Młyńska
0%
Januszowice Plac Zabaw
0%
Jasieńskiego
0%
Jaśkowice PKP
0%
Jaśkowice Remiza
0%
Jasnogórska
0%
Jędrzejczyka
0%
Jerzmanowice Centralna
0%
Jerzmanowice Lepianka
0%
Jerzmanowice Ojcowska
0%
Jerzmanowice Pod Lasem
0%
Jeziorzany Górskie Domy
0%
Jeziorzany Pętla
0%
Jeziorzany Rondo
0%
Jordanowska
0%
Judyma
0%
Judyma Szkoła
0%
Jugowicka
0%
Jurczyce Dom Ludowy
0%
Jurczyce Podole
0%
Jurczyce Szkoła
0%
Kabel
0%
Kąkolowa
0%
Kamień Remiza
0%
Kamieńskiego
0%
Kamieńskiego Wiadukt
0%
Kamień Szkoła
0%
Kampus UP JP II
0%
Kantorowice
0%
Kantorowicka
0%
Kąpielowa
0%
Karniów Błonie
0%
Karniowice Górki
0%
Karniowice Pętla
0%
Karniów Szkoła
0%
Karowa
0%
Karpińskiego
0%
Kaszów Krzyżówka do Nowej Wsi Szlacheckiej
0%
Kaszów Łysa Góra
0%
Kaszów Na Górce
0%
Kaszów Remiza
0%
Kaszów Szkoła nr 2
0%
Kaszów Tyrałówka
0%
Kaszów Wielka Droga
0%
Kaszów Wyźrał
0%
Kasztanowa
0%
Katowicka
0%
Kawiory
0%
Kenara
0%
Kępa
0%
Kępa Grabska
0%
Kępna
0%
Kleszczów Centrum
0%
Kleszczów Pod Lipką
0%
Kliny Zacisze
0%
Kłokoczyn Machaczki
0%
Kłokoczyn Szkoła
0%
Kłuszyńska
0%
Kobierzyn
0%
Kobierzyńska
0%
Kobylany Dworska
0%
Kobylany Kwiatowa
0%
Kobylany Remiza
0%
Kochanów Centrum
0%
Kochanów Sowiarka
0%
Kocmyrzów Biblioteka
0%
Kocmyrzów Krzyżówka
0%
Kocmyrzów Rondo
0%
Kocmyrzów Sodfiny
0%
Kokotów Centrum
0%
Kokotów OSP
0%
Kolna
0%
Kolna Kapliczka
0%
Komuny Paryskiej
0%
Konary Królowej Polski
0%
Konary Pętla
0%
Konary Pod Sosenką
0%
Konary Sęk
0%
Konopczyńskiego
0%
Konopnickiej
0%
Kopalina
0%
Korepty
0%
Korzkiew Botoja
0%
Korzkiew Zamek
0%
Kościuszkowców
0%
Kosmowskiej
0%
Kosocice
0%
Kosocicka
0%
Kostrze
0%
Kostrze Kapliczka
0%
Kostrze OSP
0%
Kostrze Szkoła
0%
Koszykarska
0%
Kozienicka
0%
Krasieniec Stary Kopalina
0%
Krasnowolskiego
0%
Krokusowa
0%
Krowoderskich Zuchów
0%
Krowodrza Urzędy Skarbowe
0%
Kryspinów Sanka
0%
Kryspinów Stopień Wodny
0%
Krzęcin Cmentarz
0%
Krzęcin Kapliczka
0%
Krzęcin Kościół
0%
Krzęcin Pętla
0%
Krzęcin Sklep
0%
Krzęcin Szczęsna
0%
Krzęcin Szkoła
0%
Krzemieniecka
0%
Krzesławice Młyn
0%
Krzyszkowice Kasztanowa I
0%
Krzyszkowice Kasztanowa II
0%
Krzysztoforzyce Góra
0%
Krzysztoforzyce przy Dworze
0%
Krzysztoforzyce Sklep
0%
Książniczki Centrum
0%
Ks. Łaczka
0%
Ks. Luzara
0%
Ks.Targosza
0%
Kujawy
0%
Kulerzów
0%
Kulerzów Wąwóz
0%
Kurdwanów Szkoła
0%
Kurzei
0%
Landaua
0%
Las Borkowski
0%
Lasek Łęgowski
0%
Lasówka
0%
Łęczycka
0%
Lednica Górna Gory
0%
Lednica Górna Świdówka
0%
Lekarska
0%
Łempickiego
0%
Leśmiana
0%
Leszka Białego
0%
Libertów Dolny
0%
Libertów Droga do Sidziny
0%
Libertów Działy
0%
Libertów Góra Libertowska
0%
Libertów Krzyżówka
0%
Libertowska
0%
Libertów Świetlista
0%
Libertów Zgodna
0%
Lindego
0%
Lipowskiego
0%
Lipska
0%
Liszki Mazurowa
0%
Liszki Rondo
0%
Liszki Tyniecka
0%
Liszki Urząd Gminy
0%
Liszki Wołowska Droga
0%
Łososkowice Szkoła
0%
Lublańska
0%
Lubocza Bugaj
0%
Lubocza Przychodnia
0%
Lubocza SKA
0%
Lubocza Szkoła
0%
Lubocza Trafo
0%
Luborzyca Piotrowiec
0%
Luborzyca Przy Źródle
0%
Luborzyca Szkoła
0%
Lubostroń
0%
Łuczanowice
0%
Łuczanowice Skrzyżowanie
0%
Łuczanowicka
0%
Łuczyce Kosynierów
0%
Łuczyce Las
0%
Łuczyce Zjawienie
0%
Łuczyce Zwierzyniec
0%
Łuczyńskiego
0%
Łukasiewicza
0%
Lusina Dobrzyczany
0%
Lusina Dolna
0%
Lusina Dwór
0%
Lusina Górka
0%
Lusina Krakówka
0%
Lusina Krakowska
0%
Lusina Kraśnik
0%
Lusina Kwiatowa
0%
Lusina Łany
0%
Lusina Spacerowa
0%
Lusina Szkoła
0%
Lusina Zagrody
0%
Lusina Zielona
0%
Łutnia
0%
Łużycka
0%
Maciejowice Góra
0%
Maciejowice Pętla
0%
Maciejowice Skrzyżowanie
0%
Mackiewicza
0%
Madejówka
0%
Magazynowa
0%
Majora
0%
Makowa
0%
Makowskiego
0%
Makuszyńskiego
0%
Mała Wieś Skrzyżowanie
0%
Malborska
0%
Malborska Szkoła
0%
Malczewskiego
0%
Malinowskiego
0%
Marchołta
0%
Marszowice
0%
Marszowice Centrum
0%
Marszowice Góry
0%
Marycjusza
0%
Masłomiąca Długa
0%
Maszyce Remiza
0%
Maszyce Sadzawka
0%
Maszyce Skrzyżowanie
0%
Mazowiecka
0%
Medweckiego
0%
Mehoffera
0%
Meissnera
0%
Merkuriusza Polskiego
0%
Millana
0%
Miodowa
0%
Młodziejowice Młyn
0%
Młodziejowice Park
0%
Młodzieży
0%
Młynka Kalwaryjska
0%
Młynka Pętla
0%
Młynówka SKA
0%
Mników Granica
0%
Mników Pańska Góra
0%
Mników Remiza
0%
Mników Skały
0%
Mników Sklep
0%
Mników Zarynnie
0%
Mochnaniec
0%
Modlnica Bukowa
0%
Modlnica Cicha
0%
Modlnica Kolonia
0%
Modlnica Kościelna
0%
Modlnica Podchruście
0%
Modlnica Skrzyżowanie
0%
Modlnica Szkoła
0%
Modlniczka Dworska
0%
Modlniczka Leroy Merlin
0%
Modlniczka Mała
0%
Modlniczka Poligon
0%
Modlniczka Trzcie
0%
Modlniczka Willowa
0%
Mogilany Cicha
0%
Mogilany Cmentarz
0%
Mogilany Krótka
0%
Mogilany Ośrodek Zdrowia
0%
Mogilany Rynek
0%
Mogilany Wiadukt
0%
Morawica Centrum
0%
Morawica Krzyżówka
0%
Morawica Mostek
0%
Morawica Rudki
0%
Morawica Szkoła
0%
Morcinka
0%
Most Kotlarski
0%
Motyla
0%
Mrozowa
0%
Muzeum Armii Krajowej
0%
Muzeum Fotografii
0%
Muzeum Rydlówka
0%
Mydlniki Granica Miasta
0%
Myślenicka
0%
Myśliwska
0%
Myśliwska Szkoła
0%
Na Budzyniu
0%
Nadbrzezie
0%
Nad Dłubnią
0%
Nad Drwiną
0%
Nagłowicka
0%
Na Krępaku
0%
Nałkowskiej
0%
Narzymskiego
0%
Natansona
0%
Na Załęczu
0%
Niebieska Autostrada
0%
Niebyła
0%
Nielepice Pętla
0%
Nielepice Stadnina
0%
Niepołomice Batorego
0%
Niepołomice Boryczów
0%
Niepołomice Diesla
0%
Niepołomice Grobla
0%
Niepołomice Jazy
0%
Niepołomice Kątek
0%
Niepołomice Kolejowa
0%
Niepołomice Kościuszki
0%
Niepołomice Pasternik
0%
Niepołomice Płaszowska I
0%
Niepołomice Podgrabie
0%
Niepołomice Poręby
0%
Niepołomice Rynek
0%
Niepołomice Słoneczna
0%
Niepołomice Wielicka
0%
Niepołomice Wodna
0%
Nowa Wieś Szlachecka Jesionka
0%
Nowa Wieś Szlachecka Kapliczka
0%
Nowa Wieś Szlachecka Kościół
0%
Nowa Wieś Szlachecka Pętla
0%
Nowa Wieś Szlachecka Sklep
0%
Nowolipki
0%
Nowosądecka
0%
Nowy Bieżanów Południe
0%
Nowy Bieżanów P+R
0%
Nowy Prokocim
0%
Obserwatorium
0%
Ochmanów Oknoplast
0%
Ochodza Dom Ludowy
0%
Ochodza Dwór
0%
Ochodza Odwiśle
0%
Ochodza Staw
0%
Ochojno Dąbrówki
0%
Ochojno Kamieniec
0%
Ochojno Remiza
0%
Ochojno Skrzyżowanie
0%
Oczyszczalnia Ścieków "Kujawy"
0%
Odmętowa
0%
Ojcowska
0%
Ojcowska Dworek
0%
Ojcowska Wągroda
0%
Ojców Złota Góra
0%
Olszanica Bory
0%
Olszanica Ogródki Działkowe
0%
Opatkowice
0%
Opatkowice Wiadukt
0%
Opatkowice Zadworze
0%
Orkana
0%
Orłowskiego
0%
Orszy-Broniewskiego
0%
Orzeszkowej
0%
Os. Gotyk
0%
Os. Kliny
0%
Os. Kurdwanów
0%
Os. Marszowiec
0%
Os. Na Stoku
0%
Os. Na Stoku Szkoła
0%
Os. Przewóz
0%
Os. Robotnicze
0%
Owcy-Orwicza
0%
Owczary Długa
0%
Owczary Gajowa
0%
Owczary Górna
0%
Owczary Spacerowa
0%
Park Decjusza
0%
Park "Skały Twardowskiego"
0%
Park Tetmajera
0%
Park Zdrojowy
0%
Pasternik
0%
PCK
0%
Pękowice Fort
0%
Pękowice Ojcowska
0%
Pękowicka
0%
Pełczyńskiego
0%
Petrażyckiego
0%
Petrażyckiego Osiedle
0%
PH
0%
Piaski Nowe
0%
Piekary Borki
0%
Piekary Centrum
0%
Piekary Dół
0%
Piekary Górne
0%
Piekary Korea
0%
Piekary Na Brzegu
0%
Piekary Pałac
0%
Piekary Sklep
0%
Pielęgniarek
0%
Pielgrzymowice Granica
0%
Pielgrzymowice Wierzbowa
0%
Piltza
0%
Pisary Akacjowa
0%
Pisary Dąbrówki
0%
Pisary Dwór
0%
Pisary Kasztanowa
0%
Pisary Mleczna
0%
Pisary Spacerowa
0%
Plac Bohaterów Getta
0%
Plac Wolnica
0%
Plastusia
0%
Płaszowska
0%
Płaszów Szkoła
0%
Pleszowska
0%
Płk. Dąbka
0%
Podgaje
0%
Podgórki Tynieckie
0%
Podgórze SKA
0%
Podłęże Balachówka
0%
Podłęże Centrum
0%
Podłęże Przedszkole
0%
Podłęże Remiza
0%
Pod Lipą
0%
Podstawie
0%
Podstolice Centrum
0%
Podstolice Zamłynie
0%
Pod Strzechą
0%
Podwierzbie
0%
Polana Żywiecka
0%
Polanka Hallera Centrum
0%
Polanka Hallera Dwór
0%
Polanka Hallera Skrzyżowanie
0%
Polanowice Boisko
0%
Polanowice Kolonia
0%
Półłanki
0%
Połomskiego
0%
Poniedziałkowy Dół
0%
Poronińska
0%
Poziomkowa
0%
Praska
0%
Prawocheńskiego
0%
Prokocim Rynek
0%
Prokocim UJ
0%
Promienistych
0%
Prosta
0%
Prusy Kościół
0%
Prusy Rondo
0%
Prusy Szkoła
0%
Pruszyńskiego
0%
Przebieczany Gdowska
0%
Przeginia Dom Ludowy
0%
Przeginia Duchowna Kościół
0%
Przeginia Duchowna Remiza
0%
Przeginia Duchowna Rezerwat
0%
Przeginia Duchowna Szkoła
0%
Przeginia Duchowna Zagórze
0%
Przeginia Narodowa Bunar
0%
Przeginia Narodowa Dwór
0%
Przeginia Ostra Góra
0%
Przeginia Skotnica
0%
Przegon
0%
Przegorzały
0%
Przegorzały Obwodnica
0%
Przewóz
0%
Przybysławice Centrum
0%
Przybysławice Na Lipowiec
0%
Przybysławice Na Stoczki
0%
Przybyszewskiego
0%
Przy Kuźni
0%
Przylasek Rusiecki Kąpielisko
0%
Przylasek Rusiecki Północ
0%
Przylasek SKA
0%
Przylasek Wyciąski
0%
Pszenna
0%
PT
0%
Puszkarska
0%
Pychowice
0%
Pylna
0%
Pytlasińskiego
0%
Raciborowice Granica
0%
Raciborowice Wawelska
0%
Raczkiewicza
0%
Rączna Bażanty
0%
Rączna Cracovia Centrum Treningowe
0%
Rączna Dzikowiec
0%
Rączna Gołębiec
0%
Rączna Kapliczka
0%
Rączna Kościół
0%
Rączna Osiedle
0%
Rączna Podlas
0%
Rączna Remiza
0%
Radwanowice Krzeszowicka
0%
Radwanowice Pętla
0%
Radziszów Centrum
0%
Radziszów Cmentarz
0%
Radziszów Kamionna
0%
Radziszów PKP
0%
Radziszów Podwale
0%
Radziszów Zacisze
0%
Radziszów Za Mogiłką
0%
Radziszów Zawodzie
0%
Rajsko
0%
Ratajów Skrzyżowanie
0%
Rawałowice Góra
0%
Rawałowice Skrzyżowanie
0%
Reduta
0%
Reja
0%
Resztówka
0%
Reymana
0%
Rodzinna
0%
Rondo Grunwaldzkie
0%
Rondo Młyńskie
0%
Różyckiego
0%
Rudawa 21 Lipca
0%
Rudawa Granica
0%
Rudawa Młyn
0%
Rudawa Osiedle
0%
Rudawa PKP
0%
Rudawa Rynek
0%
Rudawa Stadion
0%
Rudawa Szkoła
0%
Rusocice Granica
0%
Rusocice Jałowce
0%
Rusocice Łęg
0%
Rusocice Na Brzegu
0%
Rusocice Skład
0%
Rusocice Wieś
0%
Rusocice Załęg
0%
Ruszcza
0%
Rybitwy Dom Kultury
0%
Rybitwy Rozjazd
0%
Rybitwy Sklep
0%
Rybna Dół
0%
Rybna Dolna
0%
Rybna Droga do Sanki
0%
Rybna Kościół
0%
Rybna Nowy Świat
0%
Rybna Nowy Świat Góra
0%
Rybna Ośrodek Zdrowia
0%
Rybna Pawilon
0%
Rybna Szkoła
0%
Rynek Dębnicki
0%
Rynek Fałęcki
0%
Rząska Autostrada
0%
Rząska Cmentarz
0%
Rząska Jednostka Wojskowa
0%
Rząska Podkamycze
0%
Rząska Szkoła
0%
Rząska UR
0%
Rzebika
0%
Rzemieślnicza
0%
Rzepakowa Świetlica
0%
Rzepichy
0%
Rzeszotary Dworska
0%
Rzeszotary Panciawa Pętla
0%
Rzeszotary Pod Dębiną
0%
Rzeszotary Polanki
0%
Rzeszotary Remiza
0%
Rzeszotary Szkoła
0%
Rzeszotary Zalesie
0%
Rzozów PKP
0%
Rzozów Skotnica
0%
Rzozów Szkoła
0%
Rzozów Zagonnie
0%
Sadowie Wiadukt
0%
Sapalskiego
0%
Sasanek
0%
Saska
0%
Sąspów Cmentarz
0%
Sawiczewskich
0%
Ściejowice Kościel
0%
Ściejowice Na Bagnach
0%
Ściejowice Remiza
0%
Sidzina
0%
Siejówka
0%
Sielanka
0%
Sieroszewskiego
0%
Sikorki
0%
Siwka
0%
Skała Rzeplińska
0%
Skała Wieś
0%
Skawina 29 Listopada
0%
Skawina Ajka
0%
Skawina Bukowska
0%
Skawina Centrum Sportowe
0%
Skawina Cmentarz
0%
Skawina Cmentarz Komunalny
0%
Skawina Elektrownia
0%
Skawina Graniczna
0%
Skawina Groble
0%
Skawina Koncentraty
0%
Skawina Kopernika
0%
Skawina Korabnicka
0%
Skawina Korabnicka Szkoła
0%
Skawina Korabniki
0%
Skawina Mickiewicza Szkoła
0%
Skawina Nad Potokiem
0%
Skawina Obwodnica
0%
Skawina Ogrody
0%
Skawina Os. Radziszowskie
0%
Skawina Piastowska
0%
Skawina Piłsudskiego
0%
Skawina Podgórki
0%
Skawina Podlipki
0%
Skawina Popiełuszki
0%
Skawina Radziszowska
0%
Skawina Rynek
0%
Skawina Rzepnik
0%
Skawina Sąd
0%
Skawina Samborek Most
0%
Skawina Sąsiedzka
0%
Skawina Sąsiedzka Pętla
0%
Skawina SCK
0%
Skawina Starostwo Powiatowe
0%
Skawina Tyniecka
0%
Skawina Tyniecka Osiedle
0%
Skawina Tyniecka Rzepnik
0%
Skawina Wojska Polskiego
0%
Skawina Wyspiańskiego
0%
Skawina Wyspiańskiego Szkoła
0%
Skawina Zachodnia
0%
Skawina Żwirowa
0%
Skawina Żwirownia
0%
Skośna
0%
Skotniki
0%
Skotniki Kościół
0%
Skotniki Szkoła
0%
Skrajna
0%
Skrzeszowice OSP Boisko
0%
Ślaskiego
0%
Sławka
0%
Śliwiaka
0%
Śliwiaka Zakłady
0%
Słona Woda
0%
Słoneckiego
0%
Ślósarczyka
0%
Smardzowice Kościelna
0%
Smardzowice Podgóry
0%
Smardzowice Remiza
0%
Smardzowice Wołówka
0%
Smoleńskiego
0%
Smolki
0%
Soboniowice
0%
Sołtysowska Osiedle
0%
Sołtysowska Zakłady
0%
Sosabowskiego
0%
Spadochroniarzy
0%
Spławy
0%
Stachiewicza
0%
Staniątki Wiadukt
0%
Stara Wola
0%
Starego Wiarusa
0%
Stare Wiślisko
0%
Stawowa
0%
Stelmachów
0%
Stoczniowców
0%
Stojałowskiego
0%
Stradom
0%
Stręcka
0%
Strycharska
0%
Strzelnica
0%
Sucha
0%
Sucharskiego
0%
Suchy Jar
0%
Sudolska
0%
Sulechów
0%
Sułkowskiego
0%
Sułków Zbój
0%
Surzyckiego
0%
św. Gertrudy
0%
Świątniki Górne Bielowicza Szkoła
0%
Świątniki Górne Buk
0%
Świątniki Górne Centrum
0%
Świątniki Górne Krakowska
0%
Świątniki Górne Piasna Górka
0%
Świątniki Górne Skrzyżowanie
0%
Świdzińskiego
0%
Swoszowice Poczta
0%
Swoszowice Szkoła
0%
św. Wawrzyńca
0%
Szafrańska
0%
Szczecińska
0%
Szczegów
0%
Szczyglice Autostrada
0%
Szczyglice Błonie
0%
Szczyglice Dom Kultury
0%
Szczyglice Most
0%
Szczyglice Skała Kmity
0%
Szczyglice Skrzyżowanie
0%
Szlifierska
0%
Szparagowa
0%
Szpital Jana Pawła II
0%
Szpital Narutowicza
0%
Szpital Rydygiera
0%
Szpital Uniwersytecki / Instytut Pediatrii
0%
Szyce Spacerowa
0%
Szyce Wesoła
0%
Szymańskiego
0%
Taklińskiego
0%
Teligi
0%
Tomaszkowice Urząd Gminy Biskupice
0%
Tomaszowice Dwór
0%
Tomaszowice Kolberga
0%
Tomaszowice Spacerowa
0%
Tomaszowice Zacisze
0%
Tonie
0%
Tonie Gliniki
0%
Tonie Kąty
0%
Tonie Skrzyżowanie
0%
Torfowa
0%
Tor Kajakowy
0%
Trąbki Pacówki
0%
Trąbki P+R
0%
Trąbki Remiza
0%
Trojanowice Krakowska
0%
Trojanowice Pętla
0%
Trojanowice Słoneczna
0%
Trojanowice Strugi
0%
Truskawkowa
0%
Truszkowskiego
0%
Tuchowska
0%
Turowicza
0%
Tymiankowa
0%
Tyniecka Autostrada
0%
Ujazd Pętla
0%
Uniwersytet Ekonomiczny
0%
UR Balicka
0%
Urząd Marszałkowski
0%
Vetulaniego
0%
Wadów Glinik
0%
Wadów Os. Kolejowe
0%
Wadowska
0%
Walcownia
0%
Walgierza Wdałego
0%
Wały Wiślane
0%
Warchałowskiego
0%
Warszewicza
0%
Ważewskiego
0%
Węglarska
0%
Węgrzce B1
0%
Węgrzce B4
0%
Węgrzce Błonie
0%
Węgrzce Pętla
0%
Węgrzce Sudół
0%
Węgrzce Wielkie Gościniec
0%
Węgrzce Wielkie OSP
0%
Węgrzynowice Centrum
0%
Węgrzynowice Dół
0%
Węgrzynowicka
0%
Weigla
0%
Węzeł Wielicki
0%
Widłakowa
0%
Więckowice Lipka
0%
Więckowice Ogrodowa
0%
Więcławice Stare Centrum
0%
Więcławice Stare Wysyłek
0%
Wielicka Granica Miasta
0%
Wieliczka Asnyka
0%
Wieliczka Centrum
0%
Wieliczka Cmentarz
0%
Wieliczka Czarnochowska
0%
Wieliczka Dębowa
0%
Wieliczka Goliana
0%
Wieliczka Klaśnieńska
0%
Wieliczka Klasztor
0%
Wieliczka Krzyszkowice Dom Ludowy
0%
Wieliczka Krzyszkowice Kościół
0%
Wieliczka Magistrat
0%
Wieliczka Mediateka
0%
Wieliczka Modrzewiowa
0%
Wieliczka Niepołomska Granica
0%
Wieliczka Ochronka
0%
Wieliczka Orzechowa
0%
Wieliczka Os. Kościuszki
0%
Wieliczka Os. Szymanowskiego
0%
Wieliczka Park
0%
Wieliczka Polna
0%
Wieliczka Rondo Armii Krajowej
0%
Wieliczka Różana
0%
Wieliczka Sąd
0%
Wieliczka Solne Miasto
0%
Wieliczka Szyb Daniłowicza
0%
Wieliczka Zbożowa
0%
Wielka Wieś Szkoła
0%
Wielkie Drogi Ośrodek Zdrowia
0%
Wielkie Drogi PKP
0%
Wielkie Drogi Szkoła
0%
Wielkie Drogi Trzebol
0%
Wierzyńskiego
0%
Wiklinowa
0%
Wiktorowice Centrum
0%
Wiktorowice Granica
0%
Wiktorowice Rozlewnia Wód
0%
Wiktorowice Skrzyżowanie
0%
Wilczy Stok
0%
Wileńska
0%
Wilga
0%
Wilków Kaplica
0%
Winnicka
0%
Witkowice Nowe
0%
Witosa
0%
Władysława Jagiełły
0%
Władysława Łokietka
0%
Włosań Centrum
0%
Włosań Dział Wschodni
0%
Włosań Kopań
0%
Włosań Krzyżówka
0%
Wlotowa
0%
Wodociągi
0%
Wodociągowa
0%
Wodzickich
0%
Wola Batorska Borek
0%
Wola Batorska Cmentarz
0%
Wola Batorska Kościół
0%
Wola Batorska Mikoniowiec
0%
Wola Batorska Ruskie
0%
Wola Batorska Zamoglice
0%
Wola Batorska Żwirownia
0%
Wola Duchacka
0%
Wola Luborzycka Działki
0%
Wola Luborzycka Las
0%
Wola Luborzycka Skrzyżowanie
0%
Wola Radziszowska Centrum
0%
Wola Radziszowska Chorzyny
0%
Wola Radziszowska Lipki
0%
Wola Radziszowska Mała Ostra Góra
0%
Wola Radziszowska Most
0%
Wola Radziszowska Pętla
0%
Wola Radziszowska Podgaźle
0%
Wola Zabierzowska Chałupki
0%
Wola Zachariaszowska Słoneczna
0%
Wolica Kościół
0%
Wolica Most
0%
Wolica Szkoła
0%
Wołowice Grotowa
0%
Wołowice Grotowa Skrzyżowanie
0%
Wołowice Kapliczka
0%
Wołowice Niwka
0%
Wołowice Pichonówka
0%
Wołowice Remiza
0%
Wołowice Sklep
0%
Wołowice Skrzyżowanie
0%
Wołowice Szkoła
0%
Wołowice Zawierzbie
0%
Wrobela
0%
Wróblowice Szkoła
0%
Wrocławska
0%
Wrony
0%
Wróżenice Górka
0%
Wrząsowice Bonifraterska
0%
Wrząsowice Centrum
0%
Wrząsowice Kowaleca
0%
Wrząsowice Nad Wilgą
0%
Wrząsowice Pileckiego
0%
Wrząsowice Pod Skałą
0%
Wrząsowice Spacerowa
0%
Wrząsowice Wrzosowa
0%
Wrząsowice Zielona
0%
Wybickiego
0%
Wyciąska
0%
Wyciąże Północ
0%
Wyciąże Sklep
0%
Wydział Farmaceutyczny UJ
0%
Wyki
0%
Wysiołek Luborzycki Kapkazy
0%
Wysiołek Luborzycki Radwany
0%
Wysiołek Luborzycki Skrzyżowanie
0%
Wysłouchów
0%
Zabawa Centrum
0%
Zabawa Granica
0%
Zabierzów Bocheński Centrum
0%
Zabierzów Eximius Park
0%
Zabierzów Kamieniołom
0%
Zabierzów Kmity
0%
Zabierzów Młyn
0%
Zabierzów Piaski
0%
Zabierzów PKP
0%
Zabierzów Rynek
0%
Zabierzów Rzemieślnicza
0%
Zabierzów Willowa
0%
Zabierzów Wrzosowa
0%
Żabiniec
0%
Zabłocie Kościelnickie
0%
Zachodnia
0%
Zagacie Górka
0%
Zagacie Witkówki
0%
Zagaje
0%
Zagórzyce Stare Owocowa
0%
Zajezdnia Nowa Huta
0%
Zakamycze
0%
Zakarnie
0%
Zakępie
0%
Zakliki
0%
Zakliki SKA
0%
Zakole
0%
Zakrzów Ogrodzieniec
0%
Zalew Zesławice
0%
Zaskale
0%
Zastów Działki
0%
Zawiła
0%
Zawiszy
0%
Zawodzie
0%
Zbrojarzy
0%
ZDMK
0%
Żelazowskiego
0%
Zelczyna Lawendowa
0%
Zelczyna Piaski
0%
Zelczyna PKP
0%
Zelczyna Szkoła
0%
Zelków Kościuszki
0%
Zelków Spławy
0%
Zelków Staw
0%
Zelków Wola
0%
Zesławice
0%
Zesławice Ogródki Działkowe
0%
Zielińskiego
0%
Zielonki Długopolska
0%
Zielonki Galicyjska
0%
Zielonki Jaskinia Zielonkowska
0%
Zielonki Na Popielówkę
0%
Zielonki Rondo
0%
Zielonki Rozjazd
0%
Zielonki Skrzyżowanie
0%
Zielonki Słoneczna
0%
Zielonki Urząd Gminy
0%
Zielony Dół
0%
Złocień
0%
Złocieniowa
0%
Żmujdzka
0%
Żywiczna
0%
Żywiecka
0%
Nie znaleziono quizów pasujących do podanych kryteriów
Rozkład punktacji
Procent ludzi z każdym wynikiem
Percentyl według liczby udzielonych odpowiedzi
Twoja historia wyników
Nie rozwiązałeś tego quizu od ostatniego zresetowania